000 00942cam a2200229 4500
001 WB3904-20
008 030130n2003 000 0 eng u
035 _a(Sirsi) u121194
245 _aScottish transport planning guidance
260 _c2003
490 _aScottish Executive News Release
_v30 January 2003, (2)
520 _a"Best practice in handling planning applications affecting trunk roads", a new planning advice note on trunk road development control has been published by the Scottish Executive. PAN 66 is available at http://www.scotland.gov.uk/library5/planning/pan66-00.asp http://www.scotland.gov.uk/pages/news/2003/01/SESJ166.aspx
590 _aWB
650 _aTRUNK ROADS
650 _aPLANNING ADVICE NOTES
650 _aDEVELOPMENT CONTROL
650 _aPAN66
650 _aTRANSPORT ASSESSMENTS
650 _aSCOTLAND
690 _aENVIRONMENTAL AND LAND CONSULTANCY-PLANNING AND DEVELOPMENT
942 _n0
999 _c72019
_d72019